Communes de France dont le nom est un nom commun - Statistiques

Statistiques générales
  • Ce quiz a été pris 546 fois
  • Le résultat moyen est 11 sur 20
Réponses sur la Carte
Les réponses sont colorées sur une échelle allant du rouge au vert en fonction du pourcentage des utilisateurs qui les ont devinées à leur premier essai. Vous pouvez retrouver ces pourcentages ci-dessous.
 
Statistiques - réponses
Réponse % Correct
Rennes
88%
Tours
84%
Vannes
83%
Cannes
80%
Orange
80%
Bourges
76%
Cassis
76%
Menton
75%
Moulins
66%
Saintes
65%
Sens
54%
Sceaux
52%
Cerbère
43%
Muret
41%
Tonnerre
41%
Ifs
39%
Avion
38%
Étain
29%
Sabres
23%
Mauves
16%
Aucun quiz correspondant
Distribution des résultats
% des personnes avec chaque résultat
Percentile par nombre de réponses
Votre historique - résultats
Vous n’avez pas pris ce quiz